000
00215nam a2200085Ia 4500
245
0
_a
RARE AND THE LOVELY
100
_a
BLAKE, Michael 1969
_9
100322
942
_c
BK
008
210818s9999 xx 000 0 und d
999
_c
429901
_d
429900